[Event "Barcelona Tres Peons 47th"]
[Site "Barcelona"]
[Date "2018.02.02"]
[Round "4.6"]
[White "Volart Buil, Jordi"]
[Black "Cabello Llopis, Joan Emili"]
[Result "1/2-1/2"]
[WhiteElo "1912"]
[BlackElo "1867"]
[PlyCount "41"]
[EventDate "2018.01.12"]
[EventType "swiss"]
[EventRounds "8"]
[EventCountry "ESP"]
[SourceTitle "EXT 2024"]
[Source "ChessBase"]
[SourceDate "2023.10.10"]
[SourceVersion "1"]
[SourceVersionDate "2023.10.10"]
[SourceQuality "1"]

1. d4 Nf6 2. c4 e5 3. a3 exd4 4. Qxd4 Nc6 5. Qd1 Bc5 6. e3 a5 7. Nf3 0-0 8. Be2 d5 9. cxd5 Qxd5 10. Qxd5 Nxd5 11. Bd2 b6 12. 0-0 Bg4 13. h3 Bh5 14. g4 Bg6 15. Nc3 Nxc3 16. Bxc3 Rad8 17. Rfd1 Bc2 18. Rxd8 Rxd8 19. Rc1 Bb3 20. Ne1 Ne7 21. Nc2 1/2-1/2

[Event "Barcelona Vila Gracia op 10th"]
[Site "Barcelona"]
[Date "2016.11.25"]
[Round "9.8"]
[White "Van Keulen, Onno"]
[Black "Cabello Llopis, Joan Emili"]
[Result "1-0"]
[WhiteElo "1896"]
[BlackElo "1935"]
[PlyCount "97"]
[EventDate "2016.09.30"]
[EventType "swiss"]
[EventRounds "9"]
[EventCountry "ESP"]
[SourceTitle "EXT 2024"]
[Source "ChessBase"]
[SourceDate "2023.10.10"]
[SourceVersion "1"]
[SourceVersionDate "2023.10.10"]
[SourceQuality "1"]

1. Nf3 d5 2. c4 c6 3. d4 Nf6 4. Nc3 a6 5. c5 b6 6. cxb6 Qxb6 7. Qc2 Nbd7 8. Bf4 e6 9. e3 c5 10. dxc5 Bxc5 11. Be2 Bd6 12. Bg3 Bb7 13. 0-0 Bxg3 14. hxg3 Rc8 15. Qd2 0-0 16. Rac1 Nc5 17. Rfd1 Nce4 18. Nxe4 Nxe4 19. Qd4 Qxd4 20. exd4 f6 21. Bd3 Kf7 22. Kf1 Ke7 23. Ke2 g6 24. Nd2 Nxd2 25. Kxd2 Kd6 26. b4 e5 27. Ke3 Rxc1 28. Rxc1 Rc8 29. Rc5 Rxc5 30. bxc5+ Kd7 31. f4 e4 32. Be2 a5 33. g4 Bc6 34. g5 fxg5 35. fxg5 Ba4 36. Kf4 Bc2 37. Bg4+ Ke7 38. Bc8 Bd3 39. g3 Bc4 40. a3 Bd3 41. Bb7 Bc4 42. Bc6 Ke6 43. Ba4 Bd3 44. Bb3 Be2 45. Ba4 Bd3 46. Bd1 Kd7 47. Bg4+ Kd8 48. Be6 Ke7 49. Bxd5 1-0

[Event "Barcelona Vila Gracia op 8th"]
[Site "Barcelona"]
[Date "2014.10.31"]
[Round "6.6"]
[White "Lillo Castany, Victor"]
[Black "Cabello Llopis, Joan Emili"]
[Result "1-0"]
[WhiteElo "2369"]
[BlackElo "2080"]
[PlyCount "33"]
[EventDate "2014.09.26"]
[EventType "swiss"]
[EventRounds "9"]
[EventCountry "ESP"]
[SourceTitle "EXT 2024"]
[Source "ChessBase"]
[SourceDate "2023.10.10"]
[SourceVersion "1"]
[SourceVersionDate "2023.10.10"]
[SourceQuality "1"]

1. e4 d5 2. exd5 Qxd5 3. Nc3 Qa5 4. d4 Nf6 5. Nf3 Bg4 6. h3 Bh5 7. g4 Bg6 8. Ne5 c6 9. h4 Be4 10. Nc4 Qc7 11. Nxe4 Nxe4 12. Qf3 Nd6 13. Bf4 Nd7 14. 0-0-0 f6 15. Nxd6+ exd6 16. Re1+ Kd8 17. Qe3 1-0

[Event "Barcelona Chavarria Memorial 2nd"]
[Site "Barcelona"]
[Date "2013.10.23"]
[Round "2"]
[White "Asis Gargatagli, Hipolito"]
[Black "Cabello Llopis, Joan Emili"]
[Result "1-0"]
[WhiteElo "2458"]
[BlackElo "1958"]
[PlyCount "55"]
[EventDate "2013.10.16"]
[EventType "swiss"]
[EventRounds "9"]
[EventCountry "ESP"]
[SourceTitle "EXT 2015"]
[Source "ChessBase"]
[SourceDate "2014.11.20"]
[SourceVersion "1"]
[SourceVersionDate "2014.11.20"]
[SourceQuality "1"]

1. e4 d6 2. Nc3 Nf6 3. f4 g6 4. d4 Bg7 5. Nf3 c5 6. dxc5 Qa5 7. Qd4 dxc5 8. Bb5+ Bd7 9. Bxd7+ Nbxd7 10. Qd2 Rd8 11. 0-0 0-0 12. Qe2 e5 13. fxe5 Ng4 14. Bg5 Rde8 15. Nd5 Re6 16. Be7 Re8 17. Ng5 Ngxe5 18. Nxe6 fxe6 19. Nf6+ Nxf6 20. Bxf6 Bxf6 21. Rxf6 Qb4 22. c3 Qb6 23. Raf1 c4+ 24. Kh1 Qc5 25. h3 Nd3 26. Qg4 Ne5 27. Qg5 Qd6 28. h4 1-0

[Event "Barcelona op-B"]
[Site "Barcelona"]
[Date "1998.??.??"]
[Round "1"]
[White "Dominguez Ramos, Alejandro"]
[Black "Cabello Llopis, Joan Emili"]
[Result "1-0"]
[WhiteElo "2015"]
[BlackElo "1920"]
[PlyCount "72"]
[EventDate "1998.??.??"]
[EventType "swiss"]
[EventRounds "8"]
[EventCountry "ESP"]
[SourceTitle "EXT 2019"]
[Source "ChessBase"]
[SourceDate "2018.10.10"]
[SourceVersion "1"]
[SourceVersionDate "2018.10.10"]
[SourceQuality "1"]

1. e4 e5 2. Nf3 Nf6 3. Nxe5 d6 4. Nxf7 Kxf7 5. Bc4+ Be6 6. Bxe6+ Kxe6 7. d4 Kf7 8. Nc3 Be7 9. 0-0 Rf8 10. f4 Kg8 11. g4 c6 12. g5 Ne8 13. Qg4 Qd7 14. Qg2 g6 15. d5 Ng7 16. Be3 cxd5 17. Nxd5 Nc6 18. Rad1 Rad8 19. Bc1 Rde8 20. Ne3 Qe6 21. Rde1 Bd8 22. Ng4 Kh8 23. b3 Bb6+ 24. Kh1 Bd4 25. Bd2 Nh5 26. f5 Qd7 27. f6 Be5 28. Qf3 Qe6 29. Ne3 Nd4 30. Qd1 Qh3 31. Rf2 Bxh2 32. Rxh2 Ng3+ 33. Kg1 Qe6 34. Bc3 Qxe4 35. Qxd4 Qxd4 36. Bxd4 Rf7 1-0